000 00293nam a22001337a 4500
008 181207b xxu||||| |||| 00| 0 eng d
020 _a9781565100992
041 _aeng
080 _a371
100 _a46
101 _aEDU
245 _aWriting Research Papers
_cHarnack,A
942 _2udc
_cBK
999 _c53042
_d53042